000 00651nam a2200181 a 4500
001 000039491
005 20201002031657.0
008 130703s2005 gt 000 0 spa d
020 _a9992242310
040 _aDO-SdBNP
_bspa
_cBNPHU
100 1 _aRivera Echeverría, Ricardo
_965674
245 1 0 _aRelatos en exhibición /
_cRicardo Rivera Echeverría ; prólogo Ernesto Chete Rustrián.
260 _aGuatemala :
_bLetra Negra,
_c2005.
300 _a67 p. ;
_c22 cm.
500 _aIncluye datos biográficos del autor en la solapa de la cubierta
500 _aIncluye notas al pie de las páginas
700 1 _aChete Rustrián, Ernesto,
_epról.
_965675
999 _c38981
_d38981